000 00652nam a2200241Ia 4500
003 OSt
005 20221005032344.0
006 a|||||r|||| 00| 0
007 ta
008 221004b |||||||| |||| 00| 0 eng d
024 _a53258
037 _cTextual
040 _aCRL
_cCRL
_beng
041 _2eng
_aeng
082 _aR40aMV41, M5
100 _aHardin Russell Ed.
_9511443
245 0 _aNuclear deterrence
_b Ethics and strategy
260 _aChicago
_bUniversity of Chicago
_c1985
300 _a395p.
_ccm.
650 _aPHILOSOPHY
942 _hR40aMV41, M5
_cTEXL
_2cc
999 _c939615
_d939615